Normal view
MARC view
Entry Personal Name
001 - CONTROL NUMBER
- control field: 129364
003 - CONTROL NUMBER IDENTIFIER
- control field: OSt
005 - DATE AND TIME OF LATEST TRANSACTION
- control field: 20230804164045.0
008 - FIXED-LENGTH DATA ELEMENTS
- fixed length control field: 230804|| aca||aabn | a|a d
040 ## - CATALOGING SOURCE
- Original cataloging agency: OSt
- Transcribing agency: OSt
100 ## - HEADING--PERSONAL NAME
- Personal name: CORBETT (J)
670 ## - SOURCE DATA FOUND
- Source citation: Work cat.: (OSt)131315: CORBETT (J), Man-eaters of kumaon, 1936